000 00296nam a22001337a 4500
008 181001b xxu||||| |||| 00| 0 eng d
020 _a9780742533325
041 _aeng
080 _a320
100 _a21
101 _aSHP
245 _aThe anglosphere challenge
_cBennett,J.C
942 _2udc
_cBK
999 _c48736
_d48736